000 00699nam a2200289Ia 4500
005 20260324125023.0
008 008 260324s9999 xx 000 0 eng d
020 _a9780429479205
037 _aEBOOK
040 _aCRL
040 _beng
040 _cCRL
041 _2eng
041 _aeng
084 _qCRL
100 _aJanet C. Love
_91176386
245 0 _aPsychosis in the Family
245 4 _bThe Journey of a Transpersonal Psychotherapist and Mother
260 _bTaylor and Francis
260 _c2009
365 _a
365 _b220
856 _uhttp://www.taylorfrancis.com/books/9780429479205
942 _cEBOOK
999 _c1771280
_d1771280